000 00795nam a2200289 a 4500
003 AR-BaBNM
005 20251128204716.0
008 082120s2002 ||||||||||||||000 | spa||
020 _a950-511-080-4
040 _cAR-BaBNM
100 1 _aNöstlinger, Christine
245 0 0 _aRosalinde tiene ideas en la cabeza
260 _aBuenos Aires
_bAlfaguara
_c1990
300 _a76 p.
_bil.
490 0 _aJuvenil Alfaguara
_vv. 29
500 _aContiene biografía del autor en la contratapa
650 4 _aLITERATURA INFANTIL
650 4 _aLIBROS PARA NIÑOS
650 4 _aHUMOR
650 4 _aIMAGINACION
653 _aCUENTO FANTASTICO
655 _aLITERATURA
700 1 _aAmpudia, María Jesús
_etraductor
700 1 _aSchossow, Peter
_eilustrador
942 _cBK
998 _cLAURA
999 _c8517
_d8517